Statistiques concernant trouvez le logo de foot

Cliquez ici pour prendre le quiz!

Statistiques générales

  • Ce quiz a été pris 343 fois
  • Le résultat moyen est 24 sur 30

Statistiques - réponses

Réponse% Correct
AC Milan
98%
Juventus
98%
Real Madrid
98%
Barcelone
97%
Olympique de Marseille
97%
Chelsea
96%
Lille
95%
Inter Milan
94%
Liverpool
94%
Aston Villa
90%
Manchester United
90%
AS Roma
89%
Ajax
88%
Bayern Munich
88%
Leipzig
88%
Manchester City
86%
Dortmund
83%
Stade Rennais
83%
Tottenham
83%
Olympique Lyonnais
79%
Real Sociedad
74%
Villareal
73%
Monaco
69%
Everton
67%
Lazio
67%
Paris Saint Germain
62%
Benfica
57%
Crystal palace
31%
Seville
25%
Real Betis
23%

Distribution des résultats

Percentile par nombre de réponses

% des personnes avec chaque résultat

Votre développement - résultats

Vous n’avez pas pris ce quiz